Clubs de rugby en Occitanie - Statistiques

Statistiques générales
  • Ce quiz a été pris 157 fois
  • Le résultat moyen est 12 sur 17
Statistiques - réponses
Championnat actuel Club % Correct
Top 14 Stade Toulousain
100%
Top 14 Castres Olympique
97%
Top 14 USA Perpignan
97%
Top 14 Montpellier HR
96%
Pro D2 US Montalbanaise
86%
Pro D2 AS Béziers
85%
Nationale SC Albi
81%
Nationale RC Narbonne
78%
Pro D2 Colomiers Rugby
77%
Nationale US Carcassonne
73%
Nationale Stado TPR
69%
Nationale 2 RC Auch
68%
Nationale 2 RC Nîmes
59%
Nationale 2 CA Lannemezan
28%
Nationale 2 SC Graulhet
28%
Nationale 2 AS Fleurance
25%
Nationale 2 Avenir Valencien
13%
Aucun quiz correspondant
Distribution des résultats
% des personnes avec chaque résultat
Percentile par nombre de réponses
Votre historique - résultats
Vous n’avez pas pris ce quiz